LEADER 01374nam 2200385 n 450 001 996384370203316 005 20200818213532.0 035 $a(CKB)4940000000067638 035 $a(EEBO)2240924876 035 $a(UnM)ocm99894764e 035 $a(UnM)99894764 035 $a(EXLCZ)994940000000067638 100 $a20790719d1705 uy 101 0 $aeng 135 $aurbn||||a|bb| 200 00$aReasons humbly offered for the passing a bill to enable divers merchants that have been great sufferers by the present war with France, the better to satisfy their creditors$b[electronic resource] 210 $a[London $cs.n.$d1705?] 215 $a1 sheet ([1] p.) 300 $aWith a docket title. 300 $aImperfect: faded, with loss of text. 300 $aReproduction of original in the British Library. 330 $aeebo-0018 606 $aDebt$zEngland$vEarly works to 1800 606 $aMerchants$zEngland$vEarly works to 1800 615 0$aDebt 615 0$aMerchants 801 0$bUk-ES 801 1$bUk-ES 801 2$bCu-RivES 801 2$bCStRLIN 801 2$bCu-RivES 906 $aBOOK 912 $a996384370203316 996 $aReasons humbly offered for the passing a bill to enable divers merchants that have been great sufferers by the present war with France, the better to satisfy their creditors$92425665 997 $aUNISA